Statistics for ヨルシカのアルバム収録曲

Click here to take the quiz!

General Stats

  • This quiz has been taken 23 times
  • The average score is 36 of 87

Answer Stats

発売年アルバム曲名inst% Correct
ただ君に晴れ
100%
エルマ
85%
春泥棒
85%
だから僕は
音楽を辞めた
85%
花に亡霊
77%
言って。
77%
雨とカプチーノ
77%
盗作
77%
左右盲
69%
藍二乗
69%
ノーチラス
69%
負け犬にアンコールはいらない
69%
風を食む
69%
靴の花火
69%
アルジャー
ノン
69%
靴の花火
- Re-Recording
69%
ヒッチコック
62%
パレード
62%
春ひさぎ
62%
思想犯
62%
雲と幽霊
62%
爆弾魔
62%
ブレーメン
62%
爆弾魔
- Re-Recording
62%
夜行
54%
心に穴が空いた
54%
歩く
54%
創作
54%
憂一乗
54%
八月、某、月明かり
54%
第一夜
54%
又三郎
46%
あの夏に咲け
46%
チノカテ
46%
花人局
46%
月に吠える
46%
詩書きとコーヒー
46%
嘘月
46%
都落ち
46%
夜紛い
46%
五月は
花緑青の窓辺から
46%
38%
冬眠
38%
老人と海
38%
神様のダンス
38%
エイミー
38%
2021創作強盗と花束
38%
準透明少年
38%
451
38%
カトレア
31%
森の教会
31%
雨晴るる
31%
第二夜
31%
第三夜
31%
夕凪、某、花惑い
31%
六月は
雨上がりの街を書く
31%
第六夜
23%
第七夜
23%
第五夜
23%
第八夜
23%
第九夜
23%
第四夜
23%
雪国
23%
第十夜
23%
湖の街
23%
踊ろうぜ
23%
落下
23%
昼鳶
23%
海底、月明かり
23%
2019エルマ車窓
23%
2019だから
僕は
音楽を辞めた
8/31
23%
逃亡
15%
4/10
15%
5/6
15%
7/13
15%
夏、バス停、
君を待つ
15%
さよなら
モルテン
15%
飛行
8%
2018負け犬に
アンコールは
いらない
前世
8%
2023幻燈夏の肖像
8%
いさな
8%
2020盗作音楽泥棒の自白
8%
レプリカント
8%
2017夏草が
邪魔をする
夏陰、ピアノを弾く
8%
青年期、
空き巣
8%
幼年期、
思い出の中
0%
朱夏期、
音楽泥棒
0%

Score Distribution

Percentile by Number Answered

Percent of People with Each Score

Your Score History

You have not taken this quiz